Arkansas's top cities alphabetically Quiz Stats

 Plays Quiz not verified by Sporcle

Score 0/20 Timer 06:00
0 Plays Today
City % Correct
Little Rock
91.8%
Bentonville
90.2%
Benton
85.2%
Fort Smith
85.2%
Fayetteville
80.3%
Conway
73.8%
Jonesboro
73.8%
North Little Rock
70.5%
Rogers
70.5%
Pine Bluff
67.2%
City % Correct
Springdale
67.2%
Hot Springs
63.9%
Jacksonville
63.9%
West Memphis
63.9%
Texarkana
62.3%
Russellville
55.7%
Bella Vista
51.6%
Cabot
50.8%
Paragould
42.6%
Sherwood
42.6%

You're not logged in!

Compare scores with friends on all Sporcle quizzes.
OR
Log In

Show Comments

Extras

Top Quizzes Today


Score Distribution

Your Account Isn't Verified!

In order to create a playlist on Sporcle, you need to verify the email address you used during registration. Go to your Sporcle Settings to finish the process.

Report this User

Report this user for behavior that violates our Community Guidelines.

Details: